000 00476nam a2200169Ia 4500
008 090711s9999 xx 000 0 und d
082 _b101
100 _aबापट मुकुंद
245 _aरSाना
260 _bसुर्याक्षरविविधा
_c2000
300 _a160
600 _aबापट मुकुंद
630 _aरSाना
700 _aबापट मुकुंद
730 _aरSाना
942 _cBOOK
999 _c337288
_d337288